| 000 | 00701nam a2200229 i 4500 | ||
|---|---|---|---|
| 001 | 182989 | ||
| 003 | ES-MaACL | ||
| 005 | 20250907063134.0 | ||
| 008 | 140110s2007 sp ## |||| |#spa## | ||
| 020 | _a978-84-7356-499-1 | ||
| 080 | _a658.015.1 | ||
| 100 | 1 |
_aChavarría, María Ángeles, _d1966- _9154105 |
|
| 245 | 1 | 0 |
_aControla tu tiempo, controla tu vida / _cMaría Ángeles Chavarría. |
| 260 |
_aPozuelo de Alarcón : _bESIC, _c2007. |
||
| 300 |
_a117 p. ; _c22 cm. |
||
| 490 | 1 | _aDivulgación | |
| 504 | _aBibliografía: p. [109]-117. | ||
| 650 | 7 |
_aEmpleo del tiempo. _912205 |
|
| 830 | 0 |
_aDivulgación _9191745 |
|
| 852 |
_aES-MaACL _jN-5946 |
||
| 999 |
_c182989 _d182989 |
||